| 000 | 00958nas a2200289 4500 | ||
|---|---|---|---|
| 001 | BR8500204 | ||
| 003 | BR-BrBNA | ||
| 005 | 20231205090052.0 | ||
| 007 | ta | ||
| 008 | 230509b bl.|||p| |||| 00| 00por d | ||
| 040 |
_aBR-BrBNA _bpor _cBiblioteca Nacional de Agricultura |
||
| 041 | _a(Pt) | ||
| 072 | _aH20 | ||
| 100 | 1 | _aDias, J.A.C. de S. | |
| 100 | 1 | _aMiranda Filho, H.S. | |
| 100 | 1 | _aRamos, V.J. | |
| 100 | 1 | _aCosta, A.S. | |
| 100 | 1 | _aIgue, T. | |
| 245 | 1 | _aProducao de batata-semente Aracy com diferentes niveis de enrolamento [Solanum tuberosum] | |
| 246 | 1 | _aYield of the brazilian potato variety Aracy from seed with different rates of leaf roll virus [Solanum tuberosum] | |
| 650 | _aBATATA SEMENTE | ||
| 650 | _aENROLAMENTO | ||
| 650 | _aINFECCAO | ||
| 773 | 0 |
_tFitopatologia Brasileira (Brazil) _xISSN 0100-4158 _g(Jun 1984), v. 9(2) p. 203-211 _wBR8500204 |
|
| 909 |
_a202311 _bLúcia _c55 _dLúcia Elande |
||
| 942 |
_2AGRIS _n0 _cANA |
||
| 999 |
_c115934 _d115934 |
||